[Event "Moscow Victory Day op"]
[Site "Moscow"]
[Date "2013.05.07"]
[Round "3"]
[White "Kozlov, Vladimir N"]
[Black "Dogodkina, Julia"]
[Result "0-1"]
[WhiteElo "2261"]
[BlackElo "2146"]
[PlyCount "94"]
[EventDate "2013.05.04"]
[EventType "swiss"]
[EventRounds "9"]
[EventCountry "RUS"]
[SourceTitle "CBM 154 Extra"]
[Source "ChessBase"]
[SourceDate "2013.06.25"]
[SourceVersion "2"]
[SourceVersionDate "2013.06.25"]
[SourceQuality "1"]

1. d4 e6 2. Nf3 Nf6 3. c4 b6 4. g3 Bb7 5. Bg2 Be7 6. 0-0 0-0 7. Nc3 Ne4 8. Bd2 f5 9. Rc1 d6 10. d5 Nxd2 11. Nxd2 e5 12. e4 f4 13. Bh3 Bc8 14. Bxc8 Qxc8 15. Kg2 Bg5 16. Rc2 g6 17. Nf3 Be7 18. h3 Nd7 19. Ne2 Nc5 20. Nc3 a5 21. g4 Rf7 22. Ne1 Bh4 23. Qf3 Qd7 24. Rd2 Raf8 25. Nd3 Nb7 26. Rg1 Nd8 27. Kf1 Qe7 28. Ke1 Rg7 29. Kd1 Qf6 30. Kc2 Nf7 31. a3 Ng5 32. Qh1 f3 33. Ra1 Qe7 34. b4 Qd7 35. bxa5 bxa5 36. Rb1 c6 37. Kc1 cxd5 38. cxd5 Qc8 39. Rc2 Rc7 40. Qe1 Nxe4 41. Qxe4 Rxc3 42. Rbb2 Bg5+ 43. Kb1 Qc7 44. Rxc3 Qxc3 45. Ka2 Rc8 46. Ne1 Bc1 47. Rc2 Qxa3+ 0-1

[Event "Moscow Victory Day op"]
[Site "Moscow"]
[Date "2013.05.05"]
[Round "2"]
[White "Yeletsky, Ivan"]
[Black "Kozlov, Vladimir N"]
[Result "1/2-1/2"]
[WhiteElo "2144"]
[BlackElo "2261"]
[PlyCount "66"]
[EventDate "2013.05.04"]
[EventType "swiss"]
[EventRounds "9"]
[EventCountry "RUS"]
[SourceTitle "CBM 154 Extra"]
[Source "ChessBase"]
[SourceDate "2013.06.25"]
[SourceVersion "2"]
[SourceVersionDate "2013.06.25"]
[SourceQuality "1"]

1. d4 Nf6 2. c4 e6 3. Nf3 c5 4. d5 b5 5. dxe6 fxe6 6. cxb5 d5 7. Nc3 Nbd7 8. e4 d4 9. e5 Ng4 10. Ne4 Be7 11. Bc4 Nb6 12. Be2 Qd5 13. Nd6+ Bxd6 14. exd6 0-0 15. h3 Ne5 16. Nxe5 Qxe5 17. 0-0 Bb7 18. a4 Qxd6 19. b4 cxb4 20. a5 Nd7 21. f3 e5 22. Qb3+ Bd5 23. Bc4 Nf6 24. Bd2 Bxc4 25. Qxc4+ Qd5 26. Qxb4 e4 27. fxe4 Nxe4 28. b6 axb6 29. axb6 Nxd2 30. Qxd2 Rxa1 31. Rxa1 d3 32. Qa2 Qxa2 33. Rxa2 Rb8 1/2-1/2

[Event "Moscow op-E"]
[Site "Moscow"]
[Date "2011.02.03"]
[Round "6.124"]
[White "Kozlov, Vladimir N"]
[Black "Petrosyan, Manuel"]
[Result "0-1"]
[WhiteElo "2297"]
[BlackElo "2070"]
[PlyCount "146"]
[EventDate "2011.01.29"]
[EventType "swiss"]
[EventRounds "9"]
[EventCountry "RUS"]
[SourceTitle "EXT 2022"]
[Source "ChessBase"]
[SourceDate "2021.10.06"]
[SourceVersion "1"]
[SourceVersionDate "2021.10.06"]
[SourceQuality "1"]

1. c4 e5 2. g3 c6 3. Nf3 e4 4. Nd4 Nf6 5. Bg2 d5 6. cxd5 cxd5 7. 0-0 Nc6 8. Nxc6 bxc6 9. d3 Bf5 10. dxe4 Bxe4 11. Bxe4 Nxe4 12. Nd2 Nxd2 13. Bxd2 Be7 14. Rc1 Qd7 15. Qa4 c5 16. Qc2 0-0 17. Rfd1 Qe6 18. b3 Rac8 19. Qd3 c4 20. Qf3 Qf6 21. Qxd5 c3 22. Bf4 c2 23. Rd2 Qb2 24. Rd3 Ba3 25. Rd4 Qb1 26. Rf1 c1Q 27. Bxc1 Rxc1 28. Rxc1 Qxc1+ 29. Kg2 Qc5 30. Qd7 Qe5 31. b4 Bb2 32. Rf4 a6 33. e3 Qb5 34. Qd2 Bf6 35. h4 Rd8 36. Qc2 Qd3 37. Qc7 Qd6 38. Qc2 Qd3 39. Qc7 Qd5+ 40. e4 Qd6 41. Qa7 Re8 42. a3 h6 43. Rf5 Qd4 44. Qxd4 Bxd4 45. f3 Re5 46. Rxe5 Bxe5 47. h5 Kf8 48. f4 Bb2 49. a4 Ke7 50. Kf3 Ke6 51. g4 Bd4 52. Ke2 f6 53. Kd3 Bg1 54. Kc2 Kd6 55. Kd3 Bf2 56. Ke2 Bd4 57. Kd3 Bb2 58. Ke3 Ba3 59. b5 a5 60. Kf3 Bc5 61. Ke2 Bb6 62. Kf3 Kc5 63. g5 Kd4 64. e5 fxe5 65. f5 Kd3 66. f6 e4+ 67. Kg2 gxf6 68. gxh6 e3 69. h7 e2 70. h8Q e1Q 71. Qxf6 Qg1+ 72. Kh3 Qh1+ 73. Kg4 Qg2+ 0-1

[Event "Moscow op-B"]
[Site "Moscow"]
[Date "2009.02.04"]
[Round "5"]
[White "Kozlov, Vladimir N"]
[Black "Pranizin, Gennady"]
[Result "1-0"]
[WhiteElo "2269"]
[BlackElo "2145"]
[PlyCount "61"]
[EventDate "2009.01.31"]
[EventType "swiss"]
[EventRounds "9"]
[EventCountry "RUS"]
[SourceTitle "EXT 2012"]
[Source "ChessBase"]
[SourceDate "2011.11.24"]
[SourceVersion "1"]
[SourceVersionDate "2011.11.24"]
[SourceQuality "1"]

1. c4 e6 2. g3 Nf6 3. Bg2 d5 4. Nf3 Be7 5. d4 0-0 6. 0-0 dxc4 7. Qc2 b5 8. a4 c6 9. axb5 cxb5 10. Ng5 h6 11. Bxa8 hxg5 12. Bxg5 Nbd7 13. Rxa7 Qb6 14. Ra1 Qxd4 15. Nc3 b4 16. Rfd1 Qc5 17. Be3 Qh5 18. Bf3 Ng4 19. Bxg4 Qxg4 20. f3 Qh5 21. Ne4 Qb5 22. Qa4 Qxa4 23. Rxa4 f5 24. Nd6 Nf6 25. Nxc4 Nd5 26. Bd4 Bd7 27. Ra7 Bb5 28. Nb6 Nxb6 29. Rxe7 Rb8 30. Rxg7+ Kf8 31. Rh7 1-0

[Event "Moscow-ch op sf"]
[Site "Moscow"]
[Date "2007.03.07"]
[Round "2"]
[White "Charochkina, Daria"]
[Black "Kozlov, Vladimir N"]
[Result "1-0"]
[WhiteElo "2235"]
[BlackElo "2413"]
[PlyCount "93"]
[EventDate "2007.03.05"]
[EventType "swiss"]
[EventRounds "9"]
[EventCountry "RUS"]
[SourceTitle "EXT 2022"]
[Source "ChessBase"]
[SourceDate "2021.10.06"]
[SourceVersion "1"]
[SourceVersionDate "2021.10.06"]
[SourceQuality "1"]

1. e4 c5 2. Nf3 d6 3. d4 cxd4 4. Nxd4 Nf6 5. Nc3 Nc6 6. Bg5 e6 7. Qd2 a6 8. 0-0-0 Be7 9. h4 Bd7 10. Nb3 Qc7 11. Bxf6 gxf6 12. f4 0-0-0 13. Be2 Kb8 14. Kb1 Rc8 15. Bh5 Rhf8 16. Rhe1 Na5 17. Nxa5 Qxa5 18. f5 Rc6 19. Nd5 Bd8 20. Qxa5 Bxa5 21. Nxf6 Bc8 22. Rf1 exf5 23. exf5 Bd8 24. Ne4 Bxh4 25. Nxd6 f6 26. Bf3 Rc7 27. g4 Bg3 28. Ne4 Be5 29. Rh1 b5 30. Nf2 Bb7 31. Bxb7 Kxb7 32. Nd3 Bd6 33. Rde1 Rg8 34. Re6 Be5 35. Rg1 Bd4 36. Rg2 h5 37. c3 Bb6 38. Nf4 Rxg4 39. Rxg4 hxg4 40. Rxf6 Bf2 41. Rg6 Rf7 42. f6 Kc6 43. Ne6 Kd7 44. Ng5 Rf8 45. Rg7+ Kc6 46. f7 g3 47. Ne6 1-0

[Event "Moscow-ch op sf"]
[Site "Moscow"]
[Date "2007.03.05"]
[Round "1"]
[White "Kozlov, Vladimir N"]
[Black "Guseinov, Emil"]
[Result "1-0"]
[WhiteElo "2413"]
[BlackElo "2097"]
[PlyCount "128"]
[EventDate "2007.03.05"]
[EventType "swiss"]
[EventRounds "9"]
[EventCountry "RUS"]
[SourceTitle "EXT 2022"]
[Source "ChessBase"]
[SourceDate "2021.10.06"]
[SourceVersion "1"]
[SourceVersionDate "2021.10.06"]
[SourceQuality "1"]

1. c4 c5 2. Nc3 Nc6 3. g3 g6 4. Bg2 Bg7 5. Rb1 e6 6. a3 a5 7. d3 Nge7 8. e4 0-0 9. Nge2 Nd4 10. 0-0 Nec6 11. Be3 d6 12. f4 Rb8 13. Nb5 Nxb5 14. cxb5 Nd4 15. b4 axb4 16. axb4 b6 17. bxc5 bxc5 18. Nxd4 Bxd4 19. Bxd4 cxd4 20. Rb4 Bd7 21. Qa1 Rxb5 22. Rxb5 Bxb5 23. Qxd4 Qc7 24. Rb1 Rb8 25. Bf1 Ba6 26. Ra1 Qb6 27. Qxb6 Rxb6 28. Kf2 Kf8 29. e5 d5 30. Ke3 Ke7 31. Kd4 Kd7 32. Ra4 Bb7 33. Be2 Bc6 34. Ra7+ Rb7 35. Ra2 Rb4+ 36. Kc3 Ra4 37. Rb2 Ra3+ 38. Kb4 Ra4+ 39. Kc5 Kc7 40. Bd1 Ra5+ 41. Kd4 Rb5 42. Ra2 Rb4+ 43. Kc3 Rb7 44. g4 Rb8 45. Rf2 Bd7 46. Rf3 Rh8 47. Rh3 h6 48. Kd4 Kb6 49. Ke3 Kc5 50. d4+ Kb6 51. Be2 Kc7 52. Bd3 Kd8 53. f5 g5 54. f6 Kc7 55. Rh5 Ba4 56. h4 gxh4 57. Be2 Bc2 58. g5 Bg6 59. Rxh6 Rxh6 60. gxh6 h3 61. Kf2 Kd7 62. Bb5+ Kd8 63. Kg3 Bf5 64. Ba4 Bh7 1-0

[Event "Moscow op 03rd"]
[Site "Moscow"]
[Date "2007.02.01"]
[Round "6"]
[White "Kozlov, Vladimir N"]
[Black "Rozum, Ivan"]
[Result "0-1"]
[WhiteElo "2413"]
[BlackElo "2336"]
[PlyCount "66"]
[EventDate "2007.01.27"]
[EventType "swiss"]
[EventRounds "9"]
[EventCountry "RUS"]
[SourceTitle "CBM 116 Extra"]
[Source "ChessBase"]
[SourceDate "2007.03.07"]
[SourceVersion "1"]
[SourceVersionDate "2007.03.07"]
[SourceQuality "1"]

1. e4 c5 2. Nf3 e6 3. d4 cxd4 4. Nxd4 a6 5. Nc3 Qc7 6. g3 Nf6 7. Bg2 Be7 8. 0-0 0-0 9. f4 d6 10. g4 Nc6 11. g5 Nxd4 12. Qxd4 d5 13. Kh1 Nxe4 14. Nxe4 dxe4 15. Qxe4 Rb8 16. b3 b5 17. Bb2 Bb7 18. Qe2 Rbc8 19. Rac1 Rfd8 20. c4 Bxg2+ 21. Qxg2 Qd7 22. cxb5 axb5 23. h4 Qd3 24. Be5 Rxc1 25. Rxc1 Qe3 26. Rf1 Rd2 27. Qa8+ Bf8 28. Qf3 Qc5 29. a4 bxa4 30. bxa4 Qc2 31. f5 Qc4 32. Bg3 Rd3 33. Qg2 Rxg3 0-1

[Event "Moscow op 01st"]
[Site "Moscow"]
[Date "2005.02.27"]
[Round "4"]
[White "Kozlov, Vladimir N"]
[Black "Atalik, Suat"]
[Result "1/2-1/2"]
[WhiteElo "2371"]
[BlackElo "2560"]
[PlyCount "76"]
[EventDate "2005.02.25"]
[EventType "swiss"]
[EventRounds "9"]
[EventCountry "RUS"]
[SourceTitle "CBM 106"]
[Source "ChessBase"]
[SourceDate "2005.06.06"]
[SourceVersion "1"]
[SourceVersionDate "2005.06.06"]
[SourceQuality "1"]

1. e4 e5 2. Nf3 Nc6 3. Nc3 Nf6 4. Bb5 Bb4 5. 0-0 0-0 6. d3 d6 7. Ne2 Ne7 8. c3 Ba5 9. Ng3 c6 10. Ba4 Ng6 11. d4 Re8 12. Bc2 h6 13. h3 Bb6 14. Be3 d5 15. exd5 exd4 16. Bxd4 Nxd5 17. Qd2 Bxd4 18. Nxd4 Ndf4 19. Rae1 Be6 20. Bxg6 Nxg6 21. f4 c5 22. f5 cxd4 23. fxe6 Rxe6 24. Rxe6 fxe6 25. Qd3 Ne5 26. Qe4 Qd5 27. Qxd5 exd5 28. cxd4 Nc6 29. Rf5 Rd8 30. Ne2 Re8 31. Nc3 Nxd4 32. Rxd5 Ne2+ 33. Nxe2 Rxe2 34. Rb5 b6 35. a4 Kf7 36. a5 bxa5 37. Rxa5 Rxb2 38. Rxa7+ Kg6 1/2-1/2

[Event "Moscow-ch 1/2 final"]
[Site "Moscow"]
[Date "2002.??.??"]
[Round "3"]
[White "Papin, Vasily"]
[Black "Kozlov, Vladimir N"]
[Result "1-0"]
[WhiteElo "2070"]
[BlackElo "2325"]
[PlyCount "58"]
[EventDate "2002.03.??"]
[EventType "swiss"]
[EventRounds "11"]
[EventCountry "RUS"]
[SourceTitle "EXT 2003"]
[Source "ChessBase"]
[SourceDate "2002.11.25"]
[SourceVersion "1"]
[SourceVersionDate "2002.11.25"]
[SourceQuality "1"]

1. e4 c5 2. Nf3 d6 3. d4 cxd4 4. Qxd4 a6 5. Be3 Nc6 6. Qd2 Nf6 7. Nc3 e6 8. 0-0-0 Be7 9. Bf4 Ng4 10. h3 Nge5 11. Nd4 Bd7 12. Be3 0-0 13. f4 Nxd4 14. Bxd4 Nc6 15. g4 Nxd4 16. Qxd4 Bc6 17. Bg2 Qa5 18. Qe3 Rac8 19. g5 b5 20. Kb1 b4 21. Ne2 Ba4 22. Rc1 Qc5 23. Qd2 Qf2 24. Rhg1 Bb5 25. Rce1 Bd8 26. Bh1 Bb6 27. Rgf1 Qe3 28. Qd1 Qxh3 29. f5 Qh5 1-0

[Event "Moscow-ch"]
[Site "Moscow"]
[Date "2001.??.??"]
[Round "3"]
[White "Ulko, Jaroslav"]
[Black "Kozlov, Vladimir N"]
[Result "1-0"]
[WhiteElo "2473"]
[BlackElo "2354"]
[PlyCount "30"]
[EventDate "2001.??.??"]
[EventType "swiss"]
[EventRounds "9"]
[EventCountry "RUS"]
[SourceTitle "EXT 2002"]
[Source "ChessBase"]
[SourceDate "2001.11.25"]
[SourceVersion "1"]
[SourceVersionDate "2001.11.25"]
[SourceQuality "1"]

1. d4 Nf6 2. c4 e6 3. Nf3 c5 4. g3 cxd4 5. Nxd4 a6 6. Bg2 Qc7 7. b3 Nc6 8. 0-0 Nxd4 9. Qxd4 Bc5 10. Qd2 d5 11. cxd5 Nxd5 12. Bb2 0-0 13. Nc3 Nf6 14. Ne4 Rd8 15. Qg5 Bd4 1-0

[Event "Moscow-ch"]
[Site "Moscow"]
[Date "2000.??.??"]
[Round "1"]
[White "Kozlov, Vladimir N"]
[Black "Panteleev, Alexandr"]
[Result "1-0"]
[WhiteElo "2395"]
[BlackElo "2064"]
[PlyCount "66"]
[EventDate "2000.05.??"]
[EventType "swiss"]
[EventRounds "9"]
[EventCountry "RUS"]
[SourceTitle "EXT 2001"]
[Source "ChessBase"]
[SourceDate "2000.11.22"]
[SourceVersion "1"]
[SourceVersionDate "2000.11.22"]
[SourceQuality "1"]

1. e4 c5 2. Nf3 d6 3. d4 cxd4 4. Nxd4 Nf6 5. Nc3 g6 6. Be3 Bg7 7. f3 Nc6 8. Qd2 0-0 9. Bc4 Qa5 10. Nb3 Qc7 11. Nb5 Qb8 12. a4 Ne5 13. Be2 Be6 14. N3d4 Bc4 15. 0-0 a6 16. Na3 Qc7 17. Nxc4 Nxc4 18. Bxc4 Qxc4 19. b3 Qc7 20. c4 a5 21. Nb5 Qc6 22. Rad1 Nd7 23. Qc2 Nc5 24. Rd5 Na6 25. Nd4 Qd7 26. Rb5 Nb4 27. Qd2 Ra6 28. Bh6 Bxh6 29. Qxh6 Nc6 30. Rh5 gxh5 31. Nf5 Qxf5 32. exf5 Rb6 33. Qg5+ Kh8 1-0

[Event "Moscow-ch"]
[Site "Moscow"]
[Date "2000.??.??"]
[Round "5"]
[White "Vorobiov, Evgeny E"]
[Black "Kozlov, Vladimir N"]
[Result "1/2-1/2"]
[WhiteElo "2500"]
[BlackElo "2395"]
[PlyCount "62"]
[EventDate "2000.05.??"]
[EventType "swiss"]
[EventRounds "9"]
[EventCountry "RUS"]
[SourceTitle "EXT 2001"]
[Source "ChessBase"]
[SourceDate "2000.11.22"]
[SourceVersion "1"]
[SourceVersionDate "2000.11.22"]
[SourceQuality "1"]

1. e4 c5 2. Nf3 Nc6 3. d4 cxd4 4. Nxd4 Nf6 5. Nc3 d6 6. f3 e5 7. Nb3 a5 8. Bb5 Be7 9. Be3 0-0 10. Qd2 Be6 11. Rd1 Qb8 12. 0-0 a4 13. Nc1 a3 14. b3 Rc8 15. Na4 Na7 16. Bd3 Nd7 17. Ne2 Bd8 18. c4 b5 19. cxb5 Nxb5 20. Qb4 Na7 21. Qxb8 Rcxb8 22. Bc1 Nb6 23. Nec3 Nxa4 24. Nxa4 Nb5 25. Bxb5 Rxb5 26. Bxa3 Bxb3 27. axb3 Rxb3 28. Bxd6 Rxa4 29. Rb1 Bb6+ 30. Kh1 Rxb1 31. Rxb1 f6 1/2-1/2

[Event "RUS-Cup03 Geller Memorial"]
[Site "Moscow"]
[Date "1999.02.10"]
[Round "1"]
[White "Najer, Evgeniy"]
[Black "Kozlov, Vladimir N"]
[Result "1-0"]
[WhiteElo "2522"]
[BlackElo "2327"]
[PlyCount "95"]
[EventDate "1999.02.10"]
[EventType "swiss"]
[EventRounds "9"]
[EventCountry "RUS"]
[SourceTitle "CBM 070"]
[Source "ChessBase"]
[SourceDate "1999.06.08"]
[SourceVersion "1"]
[SourceVersionDate "1999.06.08"]
[SourceQuality "1"]

1. d4 Nf6 2. c4 g6 3. Nc3 d5 4. cxd5 Nxd5 5. e4 Nxc3 6. bxc3 Bg7 7. Bc4 c5 8. Ne2 Nc6 9. Be3 cxd4 10. cxd4 b5 11. Bd5 Bd7 12. Rc1 Rc8 13. Bxc6 Rxc6 14. Rxc6 Bxc6 15. d5 Bd7 16. Qd2 0-0 17. 0-0 a5 18. Rc1 f5 19. Bd4 Bxd4 20. Qxd4 fxe4 21. Ng3 Bf5 22. Rc6 Qd7 23. h4 Rd8 24. Rc5 Rc8 25. h5 Rxc5 26. Qxc5 gxh5 27. d6 Bg6 28. dxe7 Kf7 29. Nf1 Qxe7 30. Qxb5 Qb4 31. Qd7+ Kg8 32. Qe6+ Bf7 33. Qc8+ Kg7 34. Qc1 a4 35. Qa1+ Kg6 36. a3 Qd6 37. Ng3 Bd5 38. Qd4 Qc6 39. Qe5 h4 40. Qh5+ Kg7 41. Qxh4 Qc1+ 42. Kh2 Bf7 43. Nf5+ Kg6 44. Qxe4 Qxa3 45. f4 Qa2 46. Ne3+ Kg7 47. Qe5+ Kf8 48. Qd6+ 1-0

[Event "Moscow-ch"]
[Site "Moscow"]
[Date "1999.??.??"]
[Round "8"]
[White "Dobrov, Vladimir"]
[Black "Kozlov, Vladimir N"]
[Result "1/2-1/2"]
[WhiteElo "2258"]
[BlackElo "2327"]
[PlyCount "107"]
[EventDate "1999.??.??"]
[EventType "swiss"]
[EventRounds "9"]
[EventCountry "RUS"]
[SourceTitle "EXT 2001"]
[Source "ChessBase"]
[SourceDate "2000.11.22"]
[SourceVersion "1"]
[SourceVersionDate "2000.11.22"]
[SourceQuality "1"]

1. d4 Nf6 2. c4 e6 3. Nc3 c5 4. d5 exd5 5. cxd5 d6 6. e4 g6 7. f3 Bg7 8. Nge2 0-0 9. Ng3 h5 10. Bg5 a6 11. a4 Qa5 12. Be2 Nh7 13. Bd2 h4 14. Nf1 f5 15. Ne3 Nd7 16. exf5 gxf5 17. Nb5 Qd8 18. Nxd6 Bxb2 19. Rb1 Bd4 20. Ndxf5 Ne5 21. Qc2 b5 22. axb5 axb5 23. f4 Bxe3 24. Nxe3 Rxf4 25. Qxc5 Ng5 26. d6 Ngf7 27. Qd5 Raa4 28. Nc2 Rfe4 29. Rb4 Raxb4 30. Bxb4 Bf5 31. 0-0 Rxe2 32. Rxf5 h3 33. gxh3 Qc8 34. d7 Qxd7 35. Rxe5 Qxd5 36. Rxd5 Rxc2 37. h4 Rb2 38. Rxb5 Kh7 39. h5 Ng5 40. Rb7+ Kg8 41. h4 Nf3+ 42. Kf1 Nxh4 43. h6 Rxb4 44. Rxb4 Nf5 45. Rb7 Nxh6 46. Kf2 Nf7 47. Kf3 Kg7 48. Kf4 Kf6 49. Rb6+ Ke7 50. Ra6 Nd6 51. Ke5 Nf7+ 52. Kd5 Ng5 53. Rg6 Nf7 54. Rg8 1/2-1/2

[Event "Moscow-ch"]
[Site "Moscow"]
[Date "1999.??.??"]
[Round "5"]
[White "Kozlov, Vladimir N"]
[Black "Mitenkov, Alexey"]
[Result "1/2-1/2"]
[WhiteElo "2327"]
[BlackElo "2425"]
[PlyCount "50"]
[EventDate "1999.??.??"]
[EventType "swiss"]
[EventRounds "9"]
[EventCountry "RUS"]
[SourceTitle "EXT 2001"]
[Source "ChessBase"]
[SourceDate "2000.11.22"]
[SourceVersion "1"]
[SourceVersionDate "2000.11.22"]
[SourceQuality "1"]

1. e4 c5 2. Nf3 d6 3. d4 cxd4 4. Nxd4 Nf6 5. Nc3 a6 6. Bc4 e6 7. Bb3 Nc6 8. Be3 Be7 9. Qe2 0-0 10. 0-0-0 Qc7 11. Rhg1 Na5 12. g4 b5 13. g5 Nxb3+ 14. axb3 Nd7 15. Nf5 exf5 16. Nd5 Qd8 17. exf5 Re8 18. f6 Bf8 19. fxg7 Bxg7 20. Rg3 Bb7 21. Nf6+ Nxf6 22. gxf6 Qxf6 23. Rdg1 Qxb2+ 24. Kd1 Qa1+ 25. Kd2 Qc3+ 1/2-1/2

[Event "Moscow-ch op"]
[Site "Moscow"]
[Date "1995.??.??"]
[Round "1"]
[White "Gagarin, Vasilij"]
[Black "Kozlov, Vladimir N"]
[Result "0-1"]
[WhiteElo "2420"]
[BlackElo "2210"]
[PlyCount "62"]
[EventDate "1995.??.??"]
[EventType "swiss"]
[EventRounds "11"]
[EventCountry "RUS"]
[SourceTitle "EXT 1997"]
[Source "ChessBase"]
[SourceDate "1996.11.15"]
[SourceVersion "1"]
[SourceVersionDate "1996.11.15"]
[SourceQuality "1"]

1. d4 d5 2. c4 dxc4 3. Nf3 Nf6 4. Nc3 a6 5. e4 c5 6. d5 e6 7. dxe6 Qxd1+ 8. Nxd1 Bxe6 9. Ng5 Nc6 10. Nxe6 fxe6 11. Bxc4 Nxe4 12. 0-0 Nd4 13. Be3 Nd6 14. Bd3 Rc8 15. Nc3 Be7 16. Rfe1 Kf7 17. Rad1 Bf6 18. Bf4 Rhd8 19. Kf1 b5 20. g4 h6 21. Bg3 c4 22. Bb1 b4 23. Ne2 N6b5 24. Nf4 g5 25. Nh5 Nf3 26. Rxd8 Rxd8 27. Re3 Rd1+ 28. Ke2 Rxb1 29. Kxf3 Bxb2 30. Re4 c3 31. Rc4 c2 0-1

[Event "Moscow-ch op"]
[Site "Moscow"]
[Date "1995.??.??"]
[Round "4"]
[White "Kozlov, Vladimir N"]
[Black "Kobalia, Mihail"]
[Result "0-1"]
[WhiteElo "2210"]
[BlackElo "2430"]
[PlyCount "50"]
[EventDate "1995.??.??"]
[EventType "swiss"]
[EventRounds "11"]
[EventCountry "RUS"]
[SourceTitle "EXT 1997"]
[Source "ChessBase"]
[SourceDate "1996.11.15"]
[SourceVersion "1"]
[SourceVersionDate "1996.11.15"]
[SourceQuality "1"]

1. e4 e5 2. Nf3 Nc6 3. Bb5 f5 4. d3 fxe4 5. dxe4 Nf6 6. 0-0 Bc5 7. Nc3 d6 8. Qd3 0-0 9. Bg5 Kh8 10. Nd5 Ne7 11. Nh4 Nexd5 12. exd5 a6 13. Bc4 b5 14. Bb3 Qe8 15. Rae1 Ng4 16. Nf3 Qh5 17. Bh4 Bf5 18. Qd2 e4 19. Qg5 Qxg5 20. Nxg5 e3 21. Kh1 Nxf2+ 22. Bxf2 exf2 23. Re7 Rae8 24. Rxe8 Rxe8 25. Ne6 Bg4 0-1

[Event "Tula"]
[Site "Tula"]
[Date "1995.??.??"]
[Round "?"]
[White "Kozlov, Vladimir N"]
[Black "Newerovski, Gennadi"]
[Result "1/2-1/2"]
[WhiteElo "2255"]
[BlackElo "2380"]
[PlyCount "20"]
[EventDate "1995.??.??"]
[EventType "tourn"]
[EventRounds "11"]
[EventCountry "RUS"]
[EventCategory "6"]
[SourceTitle "EXT 1998"]
[Source "ChessBase"]
[SourceDate "1997.11.17"]
[SourceVersion "1"]
[SourceVersionDate "1997.11.17"]
[SourceQuality "1"]

1. e4 c6 2. d4 d5 3. Nc3 dxe4 4. Nxe4 Nd7 5. Bc4 Ngf6 6. Nxf6+ Nxf6 7. c3 e6 8. Nf3 Be7 9. 0-0 0-0 10. Re1 b6 1/2-1/2

[Event "Tula"]
[Site "Tula"]
[Date "1995.??.??"]
[Round "?"]
[White "Kozlov, Vladimir N"]
[Black "Vorotnikov, Vladislav V"]
[Result "0-1"]
[WhiteElo "2255"]
[BlackElo "2460"]
[PlyCount "64"]
[EventDate "1995.??.??"]
[EventType "tourn"]
[EventRounds "11"]
[EventCountry "RUS"]
[EventCategory "6"]
[SourceTitle "EXT 1998"]
[Source "ChessBase"]
[SourceDate "1997.11.17"]
[SourceVersion "1"]
[SourceVersionDate "1997.11.17"]
[SourceQuality "1"]

1. e4 d6 2. d4 Nf6 3. Nc3 c6 4. g3 e5 5. Nf3 Nbd7 6. Bg2 Be7 7. 0-0 0-0 8. a4 a5 9. b3 Re8 10. Re1 Bf8 11. Ba3 Qc7 12. Qd2 Nb8 13. h3 Na6 14. Rad1 Nb4 15. Re2 b6 16. Bb2 Ba6 17. Ree1 Rad8 18. Qc1 h6 19. Rd2 Bc8 20. Red1 d5 21. dxe5 Nxe4 22. Nxe4 dxe4 23. Rxd8 Rxd8 24. Rxd8 Qxd8 25. Nd4 Bc5 26. Qd2 Bxd4 27. Bxd4 c5 28. Bc3 Qxd2 29. Bxd2 Nxc2 30. Bxe4 Nd4 31. e6 Bxe6 32. Bf4 Ne2+ 0-1

[Event "Tula"]
[Site "Tula"]
[Date "1995.??.??"]
[Round "?"]
[White "Losev, Dmitry"]
[Black "Kozlov, Vladimir N"]
[Result "1-0"]
[WhiteElo "2350"]
[BlackElo "2255"]
[PlyCount "45"]
[EventDate "1995.??.??"]
[EventType "tourn"]
[EventRounds "11"]
[EventCountry "RUS"]
[EventCategory "6"]
[SourceTitle "EXT 1998"]
[Source "ChessBase"]
[SourceDate "1997.11.17"]
[SourceVersion "1"]
[SourceVersionDate "1997.11.17"]
[SourceQuality "1"]

1. e4 c5 2. Nf3 e6 3. d4 cxd4 4. Nxd4 Nc6 5. Nc3 a6 6. Be2 Qc7 7. 0-0 Nf6 8. Kh1 d6 9. f4 Be7 10. Be3 0-0 11. Qe1 Nxd4 12. Bxd4 b5 13. e5 dxe5 14. fxe5 Nd7 15. Ne4 Bb7 16. Nf6+ Nxf6 17. exf6 gxf6 18. Bd3 Rfd8 19. Bxf6 Bxf6 20. Rxf6 Rd5 21. h3 Rad8 22. Qe3 e5 23. Raf1 1-0

[Event "Moscow-ch op"]
[Site "Moscow"]
[Date "1995.??.??"]
[Round "6"]
[White "Shestakov, Sergei S"]
[Black "Kozlov, Vladimir N"]
[Result "1-0"]
[WhiteElo "2295"]
[BlackElo "2210"]
[PlyCount "38"]
[EventDate "1995.??.??"]
[EventType "swiss"]
[EventRounds "11"]
[EventCountry "RUS"]
[SourceTitle "EXT 1997"]
[Source "ChessBase"]
[SourceDate "1996.11.15"]
[SourceVersion "1"]
[SourceVersionDate "1996.11.15"]
[SourceQuality "1"]

1. Nf3 c5 2. c4 Nc6 3. g3 g6 4. Bg2 Bg7 5. 0-0 Nf6 6. d4 cxd4 7. Nxd4 0-0 8. Nc2 d6 9. Nc3 a6 10. b3 Bd7 11. Rb1 b5 12. cxb5 axb5 13. Nxb5 Rxa2 14. Nba3 Qb8 15. h4 Rc8 16. h5 Na7 17. Nb4 Rxa3 18. Bxa3 Nb5 19. Bb2 e6 1-0

[Event "Voskresensk2"]
[Site "Voskresensk"]
[Date "1993.??.??"]
[Round "?"]
[White "Kozlov, Vladimir N"]
[Black "Kasimdzhanov, Rustam"]
[Result "1/2-1/2"]
[WhiteElo "2280"]
[BlackElo "2360"]
[PlyCount "95"]
[EventDate "1993.??.??"]
[EventType "tourn"]
[EventRounds "11"]
[EventCountry "RUS"]
[EventCategory "6"]
[SourceTitle "CBM 038 Extra"]
[Source "ChessBase"]
[SourceDate "1994.03.01"]
[SourceVersion "1"]
[SourceVersionDate "1994.03.01"]
[SourceQuality "1"]

1. d4 d5 2. c4 e6 3. Nf3 c6 4. Nbd2 Nf6 5. g3 Be7 6. Bg2 0-0 7. 0-0 b6 8. Qc2 Bb7 9. e4 dxe4 10. Nxe4 Nxe4 11. Qxe4 Nd7 12. Rd1 Qc8 13. Qe2 Re8 14. Bg5 Bf8 15. Rac1 c5 16. dxc5 Nxc5 17. b4 Ne4 18. c5 bxc5 19. bxc5 Nxg5 20. Nxg5 Bxg2 21. Kxg2 Qc6+ 22. Kg1 h6 23. Ne4 Rec8 24. Qe3 Rc7 25. Nd6 Rb8 26. h4 Rb4 27. a3 Ra4 28. Qb3 Ra5 29. a4 Rxc5 30. Rxc5 Qxc5 31. Nb5 Rc8 32. Rd7 a6 33. Nd4 Qc4 34. Qf3 e5 35. Nf5 Qc6 36. Qxc6 Rxc6 37. Rd8 Re6 38. h5 f6 39. Rd7 Rb6 40. Ra7 Rc6 41. Kg2 Rc2 42. Ne3 Rc6 43. Nf5 Rc2 44. Ne3 Rc6 45. g4 Bc5 46. Ra8+ Kh7 47. Nf5 g6 48. hxg6+ 1/2-1/2

[Event "Voskresensk2"]
[Site "Voskresensk"]
[Date "1993.??.??"]
[Round "?"]
[White "Kozlov, Vladimir N"]
[Black "Nikitin, Aleksander S"]
[Result "1/2-1/2"]
[WhiteElo "2280"]
[BlackElo "2430"]
[PlyCount "30"]
[EventDate "1993.??.??"]
[EventType "tourn"]
[EventRounds "11"]
[EventCountry "RUS"]
[EventCategory "6"]
[SourceTitle "CBM 038 Extra"]
[Source "ChessBase"]
[SourceDate "1994.03.01"]
[SourceVersion "1"]
[SourceVersionDate "1994.03.01"]
[SourceQuality "1"]

1. e4 c5 2. d3 Nc6 3. f4 g6 4. Nc3 Bg7 5. g3 e6 6. Bg2 Nge7 7. Nf3 0-0 8. Be3 Nd4 9. 0-0 d6 10. e5 Nef5 11. Bf2 Nxf3+ 12. Bxf3 Nd4 13. Bg2 dxe5 14. fxe5 Bxe5 15. Ne4 f5 1/2-1/2